000 00860cam a2200253 a 4500
005 20091107113722.0
008 000504s2000 nik 000 0 eng d
010 _aENG-95374
020 _a9788131305720
_c1995.00
035 _aEN-78907
037 _bDBAD/PUB
040 _aDPL
082 _a658.3
100 _aPrasad, G.B.S.
245 _aHuman Resource Management
_cby G.B.S. Prasad
260 _aNew Delhi
_bA.P.H. Publishing Corporation
_c2009
270 _a4435-36/7, Ansari Road ,
_bNew Delhi
_e110002
300 _axiv, 430p.
_c22 cm.(Hb)
500 _aBibliography ref. & Indexing
942 _2ddc
_cEN
_mPRA
999 _c31530
_d31530